Представление документа в формате MARC21

ПолеНазваниеЗначение
  Тип записи a
  Библиографический уровень m
001 Контрольный номер RU\infra-m\znanium\bibl\2253656
005 Дата корректировки 20260429142131.7
008 Кодируемые данные 260415s2026 RU g rus u
020 Индекс ISBN __
a ISBN 978-5-00156-362-4
020 Индекс ISBN __
a ISBN 978-5-16-112260-0 (электр. издание)
020 Индекс ISBN __
a ISBN 978-5-16-019713-5 (ISBN соиздателя)
040 Источник каталогиз. __
a Служба первич. каталог. Общество с ограниченной ответственностью «ЗНАНИУМ»
041 Код языка издания __
a Код языка текста rus
044 Код страны публикации __
a Код страны публикации RU
080 Индекс УДК __
a Индекс УДК 347.97/.99(470+571)
084 Индекс другой классификации/Индекс ББК __
2 Источник индекса rubbk
a Индекс другой классификации/Индекс ББК 67.71(2Рос)
084 Индекс другой классификации/Индекс ББК __
2 Источник индекса okso
a Индекс другой классификации/Индекс ББК 40.04.01
084 Индекс другой классификации/Индекс ББК __
2 Источник индекса okso
a Индекс другой классификации/Индекс ББК 40.06.01
100 Автор __
a Автор Бондарь Н.С.
q Полное имя Бондарь Николай Семенович
u Дополнение Институт законодательства и сравнительного правоведения при Правительстве Российской Федерации
245 Заглавие __
a Заглавие Судебная юриспруденция: от доктрины к единообразию судебной практики
b Продолж. заглавия Монография
c Ответственность Институт законодательства и сравнительного правоведения при Правительстве Российской Федерации; Конституционный суд Российской Федерации; Московский государственный университет им. М.В. Ломоносова, юридический факультет; Российская академия народного хозяйства и государственной службы при Президенте РФ
250 Сведения об издании __
a Основные сведения об издании 1
260 Выходные данные __
a Место издания Москва
b Издательство ООО "Юридическое издательство Норма"
c Дата издания 2026
300 Физическое описание __
a Объем 384 с.
520 Аннотация __
a Аннотация В коллективной монографии анализируется широкий круг проблем методологии теории и практики судебной власти судоустройства и осуществления правосудия представленных в системном единстве на основе доктрины судебной юриспруденции. Произведен анализ отечественной судебной юриспруденции в системе современного конституционализма испытывающего не только охранительное но и преобразовательное воздействие судебной власти. Развитие концепции судебной юриспруденции на новом этапе представляет собой попытку поиска оптимальных востребованных практикой правосудия подходов к пониманию места и роли судебной практики в системе источников права сближения позиций сторонников и противников судебно-прецедентных начал в отечественном правопорядке. Исследование данной проблематики предполагает выявление особенностей юридической природы судебных решений Конституционного Суда РФ и Верховного Суда РФ их значения как для обеспечения единообразия судебной практики так и для развития материального и процессуального законодательства. Для правоведов — теоретиков и практиков и широкого круга читателей интересующихся юридическим анализом места и роли судебной юриспруденции в правовой системе Российской Федерации.
521 Примеч. о цел. назн. __
a Примеч. о целев. назн. Дополнительное профессиональное образование
650 Тематические рубрики __
a Основная рубрика Право. Юридические науки
x Основная подрубрика Судебная система
655 Указ. предметных рубрик (устаревшее) __
a Жанр/ форма (устаревшее) Монография
700 Другие авторы __
a Другие авторы Белякова А.В.
q Полное имя Белякова Анна Владимировна
u Дополнение Институт законодательства и сравнительного правоведения при Правительстве Российской Федерации
700 Другие авторы __
a Другие авторы Гаджиев Х.И.
q Полное имя Гаджиев Ханлар Иршадович
700 Другие авторы __
a Другие авторы Грачева С.А.
q Полное имя Грачева Светлана Александровна
u Дополнение Институт законодательства и сравнительного правоведения при Правительстве Российской Федерации
700 Другие авторы __
a Другие авторы Ибрагимова Ю.Э.
q Полное имя Ибрагимова Юлия Эмировна
700 Другие авторы __
a Другие авторы Краковский К.П.
q Полное имя Краковский Константин Петрович
u Дополнение Российская академия народного хозяйства и государственной службы при Президенте РФ
700 Другие авторы __
a Другие авторы Лазарев В.В.
q Полное имя Лазарев Валерий Васильевич
u Дополнение Институт законодательства и сравнительного правоведения при Правительстве Российской Федерации
700 Другие авторы __
a Другие авторы Малютин Н.С.
u Дополнение Московский государственный университет им. М.В. Ломоносова, юридический факультет
700 Другие авторы __
a Другие авторы Молчанова М.А.
q Полное имя Молчанова Марина Алексеевна
u Дополнение Институт законодательства и сравнительного правоведения при Правительстве Российской Федерации
700 Другие авторы __
a Другие авторы Поворова Е.А.
q Полное имя Поворова Елена Александровна
700 Другие авторы __
a Другие авторы Сидоренко А.И.
q Полное имя Сидоренко Андрей Игоревич
700 Другие авторы __
a Другие авторы Степанов О.
q Полное имя Степанов О.А.
700 Другие авторы __
a Другие авторы Щукин А.И.
q Полное имя Щукин Андрей Игоревич
700 Другие авторы __
a Другие авторы Япрынцев И.
q Полное имя Япрынцев И.М.
856 Электронный адрес документа 4_
a Имя сервера/домена znanium.ru
m Помощь ebs_support@infra-m.ru
n Местонахождение сервера НИЦ ИНФРА-М
u URL https://znanium.ru/catalog/document?id=481523
856 Электронный адрес документа 48
a Имя сервера/домена znanium.ru
d Путь /cover/2253
f Электронное имя 2253656.jpg
q Тип электронного формата image/jpeg
u URL https://znanium.ru/cover/2253/2253656.jpg
911 __
u 0030=https://znanium.ru/catalog/document?id=481523
911 __
u 712a=Конституционный суд Российской Федерации
911 __
u 712a=Московский государственный университет им. М.В. Ломоносова, юридический факультет
911 __
u 712a=Российская академия народного хозяйства и государственной службы при Президенте РФ